| 000 | 00818nam a2200229Ia 4500 | ||
|---|---|---|---|
| 005 | 20251020182522.0 | ||
| 008 | 200515s9999 xx 000 0 und d | ||
| 082 | _a69:658.472/S21 | ||
| 100 | _aSANTANA LARENAS, Gerardo | ||
| 245 | 0 | _aPlanificación y control de obras de construcción | |
| 260 | _aMadrid | ||
| 260 | _c1988 | ||
| 500 | _a1 ejemplar | ||
| 520 | _aTrata fundamentalmente los elementos básicos de la planificación y control, aplicándolos a situaciones concretas de proyectos y obras. Esta dividido en tres capítulos: En el primero se revisa la problemática general de la dirección de proyectos, su evoluc | ||
| 650 | _aCONTROL DE PROYECTOS | ||
| 650 | _aCPM | ||
| 650 | _aLIB | ||
| 650 | _aORGANIZACION DE OBRAS | ||
| 650 | _aPERT | ||
| 650 | _aPLANIFICACION DE OBRAS | ||
| 942 | _cLIB | ||
| 999 |
_c1793 _d1793 |
||